Infrastructure of the neuron
Elmentve itt :
| Szerző: | |
|---|---|
| Dokumentumtípus: | Cikk |
| Megjelent: |
1980
|
| Sorozat: | Kolligátum
|
| Kulcsszavak: | Neurobiológia, Ingerületvezetés, Idegműködés - ingerületátadás |
| Online Access: | http://misc.bibl.u-szeged.hu/26254 |
| LEADER | 00584nab a2200169 i 4500 | ||
|---|---|---|---|
| 001 | misc26254 | ||
| 005 | 20191108145851.0 | ||
| 008 | 170829s1980 hu o 0|| zxx d | ||
| 040 | |a SZTE Miscellanea Repozitórium |b hun | ||
| 041 | |a zxx | ||
| 100 | 1 | |a Csillik Bertalan | |
| 245 | 1 | 0 | |a Infrastructure of the neuron |h [elektronikus dokumentum] / |c Csillik Bertalan |
| 260 | |c 1980 | ||
| 300 | |a 149-189 | ||
| 490 | 0 | |a Kolligátum | |
| 695 | |a Neurobiológia, Ingerületvezetés, Idegműködés - ingerületátadás | ||
| 856 | 4 | 0 | |u http://misc.bibl.u-szeged.hu/26254/1/019_002_149-189.pdf |z Dokumentum-elérés |